| 000 | 00553nam a22001817a 4500 | ||
|---|---|---|---|
| 005 | 20251108165526.0 | ||
| 008 | 250721s1986 xx 000 0 ara d | ||
| 082 | 1 | 4 | _aم/910.095605/حسي |
| 100 | 1 | _aمؤنس، حسين | |
| 245 | 1 | 0 | _aتاريخ الجغرافيه و الجغرافيين في الأندلس / |
| 264 | 1 |
_aالقاهره : _bالمؤلف، _c1986. |
|
| 300 | _a743ص | ||
| 650 | 1 | 7 | _aالحضاره الاسلاميه |
| 650 | 1 | 7 | _aالجغرافي |
| 650 | 1 | 7 | _aتاريخ الأندلس |
| 942 |
_2ddc _cREF |
||
| 999 |
_c29975 _d29975 |
||